[Event "Titled Tuesday intern op 07th Sept"]
[Site "Chess.com INT"]
[Date "2021.09.07"]
[Round "6"]
[White "Frolov, Artiom"]
[Black "Slugin, Sergey"]
[Result "0-1"]
[WhiteElo "2322"]
[BlackElo "2353"]
[PlyCount "84"]
[EventDate "2021.09.07"]
[EventType "swiss (blitz)"]
[EventRounds "11"]
[EventCountry "USA"]
[SourceTitle "EXT 2022"]
[Source "ChessBase"]
[SourceDate "2021.10.06"]
[SourceVersion "1"]
[SourceVersionDate "2021.10.06"]
[SourceQuality "1"]

1. e4 c5 2. Nf3 Nc6 3. d4 cxd4 4. Nxd4 g6 5. c4 d6 6. Nc3 Bg7 7. Be3 Qb6 8. Ndb5 Bxc3+ 9. bxc3 Qa5 10. Qb3 Nf6 11. f3 0-0 12. Be2 Be6 13. 0-0 Rac8 14. Rfc1 Nd7 15. Nd4 Nc5 16. Qb5 Qxb5 17. cxb5 Ne5 18. Nxe6 fxe6 19. Rab1 b6 20. Bf1 Rc7 21. Bd4 Ncd7 22. Kf2 Rfc8 23. Rb4 Nc4 24. Bxc4 Rxc4 25. Rxc4 Rxc4 26. Ke2 e5 27. Be3 Ra4 28. Rc2 Kf7 29. Kd3 Ke6 30. h4 h5 31. g4 d5 32. exd5+ Kxd5 33. Rd2 hxg4 34. fxg4 Rxg4 35. Kc2+ Ke6 36. Rf2 Nf6 37. Bg5 e4 38. Kd2 Nd5 39. Re2 Kd6 40. c4 Nf6 41. Ke3 Rg3+ 42. Kf4 Rf3# 0-1

[Event "Titled Tuesday intern op 07th Sept"]
[Site "Chess.com INT"]
[Date "2021.09.07"]
[Round "5"]
[White "Holt, Conrad"]
[Black "Frolov, Artiom"]
[Result "1-0"]
[WhiteElo "2549"]
[BlackElo "2322"]
[PlyCount "71"]
[EventDate "2021.09.07"]
[EventType "swiss (blitz)"]
[EventRounds "11"]
[EventCountry "USA"]
[SourceTitle "EXT 2022"]
[Source "ChessBase"]
[SourceDate "2021.10.06"]
[SourceVersion "1"]
[SourceVersionDate "2021.10.06"]
[SourceQuality "1"]

1. a4 d5 2. a5 e5 3. e4 dxe4 4. Nc3 f5 5. g4 Nf6 6. gxf5 Bxf5 7. Nge2 Nc6 8. Ng3 Bg6 9. a6 Nd4 10. Bg2 e3 11. 0-0 exf2+ 12. Rxf2 Nxc2 13. axb7 Rb8 14. Bc6+ Kf7 15. Qe2 Nxa1 16. Qc4+ Ke7 17. b3 Qd4 18. Qa6 Nc2 19. Qa5 Kd8 20. Nb5 Qb6 21. Qc3 Bc5 22. d4 Bxd4 23. Nxd4 Nxd4 24. Bg2 Re8 25. Be3 Rxb7 26. Rd2 Kc8 27. b4 Qxb4 28. Bxd4 exd4 29. Bxb7+ Qxb7 30. Qxd4 Qb1+ 31. Kg2 Qb7+ 32. Kh3 Qc6 33. Qxa7 Qe6+ 34. Kg2 Be4+ 35. Kf1 Bb7 36. Qf2 1-0

[Event "Titled Tuesday intern op 07th Sept"]
[Site "Chess.com INT"]
[Date "2021.09.07"]
[Round "1"]
[White "Sjugirov, Sanan"]
[Black "Frolov, Artiom"]
[Result "1-0"]
[WhiteElo "2663"]
[BlackElo "2322"]
[PlyCount "121"]
[EventDate "2021.09.07"]
[EventType "swiss (blitz)"]
[EventRounds "11"]
[EventCountry "USA"]
[SourceTitle "EXT 2022"]
[Source "ChessBase"]
[SourceDate "2021.10.06"]
[SourceVersion "1"]
[SourceVersionDate "2021.10.06"]
[SourceQuality "1"]

1. d4 Nf6 2. c4 g6 3. Nc3 Bg7 4. e4 d6 5. f3 0-0 6. Nge2 c5 7. d5 e6 8. Ng3 exd5 9. cxd5 Nh5 10. Nxh5 gxh5 11. Be3 f5 12. Qd2 Qf6 13. exf5 Bxf5 14. Bd3 Na6 15. Bxf5 Qxf5 16. 0-0 Nc7 17. Rad1 Rad8 18. Bh6 Bd4+ 19. Kh1 Rfe8 20. Ne2 Bf6 21. Ng3 Qg6 22. Rfe1 h4 23. Ne4 Be5 24. Bg5 Rd7 25. Bxh4 b6 26. a4 Na6 27. Nf6+ Bxf6 28. Rxe8+ Qxe8 29. Bxf6 Qg6 30. Bc3 Rd8 31. Re1 Re8 32. Rxe8+ Qxe8 33. Qg5+ Qg6 34. Qd8+ Kf7 35. Qd7+ Kg8 36. h3 Nb4 37. Qxa7 Nd3 38. Qb8+ Kf7 39. Qxb6 Nf4 40. Qc7+ Kg8 41. Qc8+ Kf7 42. Qg4 Qxg4 43. hxg4 Nxd5 44. a5 Nc7 45. Kh2 Na6 46. Kg3 Ke6 47. Kf4 d5 48. Kg5 d4 49. Bd2 Kd5 50. Kh6 c4 51. Kxh7 Nc5 52. g5 Nb3 53. Be1 Nc5 54. g6 Ne6 55. g7 Nxg7 56. Kxg7 Kc5 57. f4 Kb5 58. f5 c3 59. bxc3 d3 60. f6 Kxa5 61. Bd2 1-0

[Event "Titled Tuesday intern op 07th Sept"]
[Site "Chess.com INT"]
[Date "2021.09.07"]
[Round "3"]
[White "Upper, John"]
[Black "Frolov, Artiom"]
[Result "0-1"]
[WhiteElo "1980"]
[BlackElo "2322"]
[PlyCount "64"]
[EventDate "2021.09.07"]
[EventType "swiss (blitz)"]
[EventRounds "11"]
[EventCountry "USA"]
[SourceTitle "EXT 2022"]
[Source "ChessBase"]
[SourceDate "2021.10.06"]
[SourceVersion "1"]
[SourceVersionDate "2021.10.06"]
[SourceQuality "1"]

1. c4 Nf6 2. Nf3 g6 3. Nc3 Bg7 4. e4 d6 5. d4 0-0 6. Be2 e5 7. 0-0 Nc6 8. d5 Ne7 9. Ne1 Nd7 10. Be3 f5 11. f3 f4 12. Bf2 g5 13. Rc1 Ng6 14. b4 Nf6 15. c5 Rf7 16. cxd6 cxd6 17. a4 Bf8 18. Nb5 a6 19. Na3 g4 20. Nc4 g3 21. hxg3 fxg3 22. Bxg3 Nh5 23. Bf2 Ngf4 24. Nb6 Rb8 25. b5 Bh6 26. bxa6 bxa6 27. Nxc8 Nxe2+ 28. Qxe2 Bxc1 29. Na7 Qg5 30. Nc6 Rb2 31. Qxa6 Nf4 32. Qc8+ Kg7 0-1

[Event "Titled Tuesday intern op 6th June"]
[Site "Chess.com INT"]
[Date "2020.06.02"]
[Round "8"]
[White "Frolov, Artiom"]
[Black "Buchenau, Frank"]
[Result "1-0"]
[WhiteElo "2322"]
[BlackElo "2278"]
[PlyCount "101"]
[EventDate "2020.06.02"]
[EventType "swiss (blitz)"]
[EventRounds "10"]
[EventCountry "USA"]
[SourceTitle "CBM 196 Extra"]
[Source "ChessBase"]
[SourceDate "2020.07.31"]
[SourceVersion "1"]
[SourceVersionDate "2020.07.31"]
[SourceQuality "1"]

1. e4 e6 2. d4 d5 3. Nd2 Nf6 4. e5 Nfd7 5. f4 c5 6. Ndf3 Nc6 7. c3 Qb6 8. g3 Be7 9. Ne2 cxd4 10. Nexd4 Nxd4 11. cxd4 Nb8 12. Kf2 0-0 13. Kg2 Bd7 14. Qb3 Qxb3 15. axb3 Nc6 16. Bd2 Nb4 17. Be2 Rfc8 18. Bc3 a6 19. Kf2 Bb5 20. Bxb5 axb5 21. Ke2 Na2 22. Bd2 f6 23. Kd3 Kf7 24. exf6 gxf6 25. g4 Nb4+ 26. Bxb4 Bxb4 27. g5 Bd6 28. Ke3 Ra6 29. Rxa6 bxa6 30. Ra1 Rc6 31. h4 Bb4 32. gxf6 Kxf6 33. Ne5 Rc2 34. Rxa6 Rxb2 35. Ra7 Rxb3+ 36. Nd3 Be7 37. Kd2 Rb1 38. Ne5 Rh1 39. Ng4+ Kf7 40. Ne5+ Kf6 41. Nd7+ Kf5 42. Nb6 Bb4+ 43. Kc2 Kxf4 44. Rxh7 Ke4 45. Rh6 Rh2+ 46. Kb3 Ba5 47. Rxe6+ Kxd4 48. Nd7 Rh3+ 49. Kc2 Bb4 50. Nf6 Kc4 51. Rc6+ 1-0

[Event "Titled Tuesday intern op 6th June"]
[Site "Chess.com INT"]
[Date "2020.06.02"]
[Round "10"]
[White "Korkmaz, Necmettin"]
[Black "Frolov, Artiom"]
[Result "0-1"]
[WhiteElo "2101"]
[BlackElo "2322"]
[PlyCount "102"]
[EventDate "2020.06.02"]
[EventType "swiss (blitz)"]
[EventRounds "10"]
[EventCountry "USA"]
[SourceTitle "CBM 196 Extra"]
[Source "ChessBase"]
[SourceDate "2020.07.31"]
[SourceVersion "1"]
[SourceVersionDate "2020.07.31"]
[SourceQuality "1"]

1. e4 c5 2. Nf3 e6 3. d4 cxd4 4. Nxd4 a6 5. Bd3 Bc5 6. Nb3 Be7 7. c4 d6 8. 0-0 Nf6 9. Nc3 b6 10. Be3 Bb7 11. f4 Nbd7 12. Rc1 0-0 13. Qe2 Rc8 14. h3 Qc7 15. g4 g6 16. g5 Nh5 17. Qf2 f5 18. exf5 exf5 19. Nd5 Bxd5 20. cxd5 Qb7 21. Nd4 Nc5 22. Bc4 b5 23. Be2 Qxd5 24. Bf3 Ne4 25. Qg2 Ng7 26. b3 Qb7 27. Rce1 d5 28. h4 Bb4 29. Rd1 Rc3 30. Bd2 Rxf3 31. Nxf3 Bc5+ 32. Kh2 Ne6 33. Ne5 Bd6 34. Be3 Bxe5 35. fxe5 Rd8 36. Bd4 Qb8 37. Ba1 d4 38. Kg1 Qxe5 39. Rde1 Qd5 40. Qf3 N6c5 41. Qf4 Nd3 42. Qc7 Nxe1 43. Rxe1 Qd7 44. Qxd7 Rxd7 45. Rd1 d3 46. Kg2 Kf7 47. Kf3 Ke6 48. Ke3 d2 49. Bb2 Rc7 50. Ba3 Rc2 51. Rxd2 Rxd2 0-1

[Event "Cheliabinsk Lozovatsky Memorial-B"]
[Site "Cheliabinsk"]
[Date "2020.01.23"]
[Round "9"]
[White "Ansat, Aldiyar"]
[Black "Frolov, Artiom"]
[Result "1/2-1/2"]
[WhiteElo "2263"]
[BlackElo "2336"]
[PlyCount "30"]
[EventDate "2020.01.15"]
[EventType "tourn"]
[EventRounds "9"]
[EventCountry "RUS"]
[EventCategory "3"]
[SourceTitle "CBM 194 Extra"]
[Source "ChessBase"]
[SourceDate "2020.03.31"]
[SourceVersion "1"]
[SourceVersionDate "2020.03.31"]
[SourceQuality "1"]

1. e4 c5 2. Nf3 e6 3. d4 cxd4 4. Nxd4 a6 5. Nc3 Qc7 6. Qd3 Nc6 7. Nxc6 dxc6 8. Qg3 Qxg3 9. hxg3 e5 10. Na4 Be6 11. Bc4 Bxc4 12. Nb6 Rd8 13. Nxc4 Rd4 14. Nd2 Nf6 15. f3 Be7 1/2-1/2

[Event "Cheliabinsk Lozovatsky Memorial-B"]
[Site "Cheliabinsk"]
[Date "2020.01.19"]
[Round "5"]
[White "Mischuk, Dmitry"]
[Black "Frolov, Artiom"]
[Result "1-0"]
[WhiteElo "2358"]
[BlackElo "2336"]
[PlyCount "101"]
[EventDate "2020.01.15"]
[EventType "tourn"]
[EventRounds "9"]
[EventCountry "RUS"]
[EventCategory "3"]
[SourceTitle "CBM 194 Extra"]
[Source "ChessBase"]
[SourceDate "2020.03.31"]
[SourceVersion "1"]
[SourceVersionDate "2020.03.31"]
[SourceQuality "1"]

1. e4 g6 2. d4 Bg7 3. Nf3 d6 4. Bc4 e6 5. Qe2 Ne7 6. 0-0 b6 7. Rd1 0-0 8. c3 Bb7 9. Nbd2 a6 10. a4 Nd7 11. Nf1 Qe8 12. Ng3 Kh8 13. Bb3 Ng8 14. Bd2 Qe7 15. Re1 Rae8 16. Bg5 f6 17. Bd2 e5 18. Rad1 Nb8 19. h3 Bc8 20. Bc4 Be6 21. b4 Qf7 22. Bxe6 Qxe6 23. d5 Qc8 24. c4 Nd7 25. Ra1 Bh6 26. a5 Bxd2 27. Nxd2 f5 28. exf5 gxf5 29. Qd3 Ne7 30. Nf3 Rf6 31. Qc3 Rg8 32. Nh5 Rfg6 33. Nf4 R6g7 34. Nh4 Nf6 35. Qb2 Ne4 36. Ne6 Ng5 37. Nxg5 Rxg5 38. f4 R5g7 39. fxe5 Qf8 40. axb6 dxe5 41. Qxe5 cxb6 42. Rxa6 Qc8 43. Ra7 Qxc4 44. Rxe7 Qxh4 45. d6 f4 46. d7 f3 47. Qxg7+ Rxg7 48. d8Q+ Rg8 49. Rxh7+ Qxh7 50. Qf6+ Qg7 51. Qxf3 1-0

[Event "Cheliabinsk Lozovatsky Memorial-B"]
[Site "Cheliabinsk"]
[Date "2020.01.18"]
[Round "4"]
[White "Frolov, Artiom"]
[Black "Tsvetkov, Pavel"]
[Result "1/2-1/2"]
[WhiteElo "2336"]
[BlackElo "2190"]
[PlyCount "102"]
[EventDate "2020.01.15"]
[EventType "tourn"]
[EventRounds "9"]
[EventCountry "RUS"]
[EventCategory "3"]
[SourceTitle "CBM 194 Extra"]
[Source "ChessBase"]
[SourceDate "2020.03.31"]
[SourceVersion "1"]
[SourceVersionDate "2020.03.31"]
[SourceQuality "1"]

1. Nf3 Nf6 2. c4 c5 3. Nc3 Nc6 4. g3 g6 5. Bg2 Bg7 6. d4 cxd4 7. Nxd4 0-0 8. 0-0 d6 9. Nxc6 bxc6 10. Bxc6 Rb8 11. b3 Bh3 12. Re1 Ng4 13. Bb2 Qb6 14. e3 Bxc3 15. Bxc3 Qxc6 16. e4 Ne5 17. Re3 f5 18. Qd5+ Rf7 19. Bxe5 Qxd5 20. exd5 dxe5 21. Rxe5 f4 22. Rae1 fxg3 23. hxg3 Kf8 24. f4 h5 25. Kf2 a5 26. d6 a4 27. Rxe7 axb3 28. axb3 Rxb3 29. Rxf7+ Kxf7 30. Re7+ Kf6 31. c5 Rb8 32. Ke3 Be6 33. Rc7 Rc8 34. d7 Ra8 35. Ra7 Rf8 36. c6 Rb8 37. Kd4 Rb4+ 38. Kc5 Rc4+ 39. Kd6 Rd4+ 40. Kc7 Ke7 41. Ra3 Bxd7 42. cxd7 Rc4+ 43. Kb7 Kxd7 44. Re3 Rb4+ 45. Ka6 Kd6 46. Re5 Ra4+ 47. Kb7 h4 48. gxh4 Rb4+ 49. Kc8 Rc4+ 50. Kb7 Rxf4 51. Rg5 Rxh4 1/2-1/2

[Event "Cheliabinsk Lozovatsky Memorial-B"]
[Site "Cheliabinsk"]
[Date "2020.01.17"]
[Round "3"]
[White "Somkin, Kirill"]
[Black "Frolov, Artiom"]
[Result "1/2-1/2"]
[WhiteElo "2121"]
[BlackElo "2336"]
[PlyCount "144"]
[EventDate "2020.01.15"]
[EventType "tourn"]
[EventRounds "9"]
[EventCountry "RUS"]
[EventCategory "3"]
[SourceTitle "CBM 194 Extra"]
[Source "ChessBase"]
[SourceDate "2020.03.31"]
[SourceVersion "1"]
[SourceVersionDate "2020.03.31"]
[SourceQuality "1"]

1. e4 c5 2. Nf3 e6 3. g3 d5 4. exd5 Qxd5 5. Nc3 Qd8 6. Bg2 Nc6 7. 0-0 Nf6 8. d3 Be7 9. Bf4 0-0 10. Re1 Qb6 11. Ne5 Nxe5 12. Bxe5 Bd7 13. Ne4 Nd5 14. d4 cxd4 15. Bxd4 Qc7 16. Nc3 Nxc3 17. Bxc3 f6 18. Qh5 Be8 19. Qf3 Bc6 20. Qg4 e5 21. Qe6+ Rf7 22. Bh3 Bf8 23. Rad1 Kh8 24. Rd2 Re7 25. Qb3 Rd8 26. Rxd8 Qxd8 27. Bb4 Re8 28. Bxf8 Rxf8 29. c3 Qd3 30. Bg2 Rd8 31. Bxc6 bxc6 32. Qb7 Qd2 33. Re3 Qd1+ 34. Kg2 Qd5+ 35. Kg1 a5 36. b3 h6 37. a4 Kh7 38. Qb6 Rd7 39. c4 Qd1+ 40. Kg2 Rd3 41. Rxd3 Qxd3 42. Qxc6 e4 43. Qd5 Qf3+ 44. Kg1 Kg6 45. c5 Qf5 46. Qd4 Qe6 47. Kg2 Kf5 48. h3 h5 49. Qe3 Qd5 50. Kh2 g5 51. Qc3 Qd3 52. Qxa5 e3 53. fxe3 Qxe3 54. Qb5 Qf2+ 55. Kh1 Qf3+ 56. Kh2 Qf2+ 57. Kh1 Qf3+ 58. Kg1 Qxg3+ 59. Kf1 Qxh3+ 60. Ke2 Qg2+ 61. Ke3 Qe4+ 62. Kd2 Qd5+ 63. Kc3 Qe5+ 64. Kb4 h4 65. Qd7+ Qe6 66. Qd3+ Ke5 67. Qe3+ Kd5 68. Qf3+ Ke5 69. Qe3+ Kd5 70. Qd3+ Ke5 71. Qe3+ Kf5 72. Qh3+ Ke5 1/2-1/2

[Event "Cheliabinsk Lozovatsky Memorial-B"]
[Site "Cheliabinsk"]
[Date "2020.01.15"]
[Round "1"]
[White "Nugumanov, Bakhtiyar"]
[Black "Frolov, Artiom"]
[Result "1-0"]
[WhiteElo "2389"]
[BlackElo "2336"]
[PlyCount "104"]
[EventDate "2020.01.15"]
[EventType "tourn"]
[EventRounds "9"]
[EventCountry "RUS"]
[EventCategory "3"]
[SourceTitle "CBM 194 Extra"]
[Source "ChessBase"]
[SourceDate "2020.03.31"]
[SourceVersion "1"]
[SourceVersionDate "2020.03.31"]
[SourceQuality "1"]

1. e4 c5 2. Nf3 e6 3. d4 cxd4 4. Nxd4 a6 5. Bd3 Bc5 6. Nb3 Be7 7. Qg4 g6 8. Qe2 d6 9. a4 Nd7 10. Na3 Ne5 11. a5 Nf6 12. Bh6 Nfg4 13. Bd2 0-0 14. 0-0 Bd7 15. f4 Nxd3 16. cxd3 Nf6 17. Be3 Rc8 18. Bb6 Qe8 19. Nd4 e5 20. fxe5 dxe5 21. Nf3 Bb5 22. Nc4 Bc5+ 23. Bxc5 Rxc5 24. b4 Rc7 25. Nfxe5 Nd7 26. Qb2 Nxe5 27. Nxe5 Qe6 28. h3 h5 29. Rf2 Re8 30. d4 Kg7 31. Re1 f6 32. Nf3 Qc4 33. e5 fxe5 34. Nxe5 Qd5 35. Qd2 Re6 36. Qf4 Qd6 37. d5 Re8 38. Qd4 Kg8 39. Rf3 Rce7 40. Rfe3 Kh7 41. h4 Kg8 42. Re4 Kh7 43. Nf3 Rxe4 44. Ng5+ Kh6 45. Nf7+ Kh7 46. Rxe4 Qf8 47. Qf6 Qg7 48. Ng5+ Kh6 49. Qf4 Rxe4 50. Nxe4+ g5 51. Qd6+ Qg6 52. hxg5+ Kg7 1-0

[Event "Cheliabinsk December Evenings-B"]
[Site "Cheliabinsk"]
[Date "2019.12.21"]
[Round "8"]
[White "Sitnikov, Anton"]
[Black "Frolov, Artiom"]
[Result "1/2-1/2"]
[WhiteElo "2408"]
[BlackElo "2364"]
[PlyCount "30"]
[EventDate "2019.12.14"]
[EventType "tourn"]
[EventRounds "9"]
[EventCountry "RUS"]
[EventCategory "3"]
[SourceTitle "CBM 194 Extra"]
[Source "ChessBase"]
[SourceDate "2020.03.31"]
[SourceVersion "1"]
[SourceVersionDate "2020.03.31"]
[SourceQuality "1"]

1. e4 c5 2. Nf3 Nc6 3. Nc3 Nf6 4. d4 d5 5. exd5 Nxd5 6. Nxd5 Qxd5 7. Be3 cxd4 8. Nxd4 Nxd4 9. Qxd4 Qxd4 10. Bxd4 Bd7 11. 0-0-0 Bc6 12. Bc4 e6 13. f4 Be7 14. Rhe1 0-0 15. g4 Rfe8 1/2-1/2

[Event "Cheliabinsk December Evenings-B"]
[Site "Cheliabinsk"]
[Date "2019.12.20"]
[Round "7"]
[White "Frolov, Artiom"]
[Black "Garifullina, Leya"]
[Result "0-1"]
[WhiteElo "2364"]
[BlackElo "2308"]
[PlyCount "88"]
[EventDate "2019.12.14"]
[EventType "tourn"]
[EventRounds "9"]
[EventCountry "RUS"]
[EventCategory "3"]
[SourceTitle "CBM 194 Extra"]
[Source "ChessBase"]
[SourceDate "2020.03.31"]
[SourceVersion "1"]
[SourceVersionDate "2020.03.31"]
[SourceQuality "1"]

1. e4 c5 2. Nf3 d6 3. d4 cxd4 4. Nxd4 Nf6 5. Nc3 a6 6. Be3 e5 7. Nf3 Be7 8. Bc4 0-0 9. 0-0 Be6 10. Bb3 Nc6 11. Bg5 Nd7 12. Bxe7 Qxe7 13. Nd5 Qd8 14. Qe2 Nc5 15. Rad1 Nxb3 16. axb3 f5 17. Rd2 Kh8 18. exf5 Bxf5 19. h3 Bg6 20. c3 Bh5 21. g4 Bg6 22. Qe3 h6 23. Nh2 e4 24. Rfd1 Ne5 25. Nf4 Qf6 26. Nxg6+ Qxg6 27. Rxd6 Qf7 28. f4 Qxf4 29. Qxf4 Rxf4 30. Re1 Nd3 31. Re3 Nxb2 32. Rd4 b5 33. Nf1 a5 34. Rdxe4 Rxe4 35. Rxe4 a4 36. bxa4 bxa4 37. Re1 a3 38. Ra1 Nc4 39. Kf2 Re8 40. Ra2 Rb8 41. Kf3 Rb2 42. Ra1 a2 43. Ne3 Nd2+ 44. Kf2 Nc4+ 0-1

[Event "Cheliabinsk Kibizov Memorial-B"]
[Site "Cheliabinsk"]
[Date "2019.06.28"]
[Round "8"]
[White "Remizov, Yaroslav"]
[Black "Frolov, Artiom"]
[Result "1-0"]
[WhiteElo "2357"]
[BlackElo "2374"]
[PlyCount "109"]
[EventDate "2019.06.22"]
[EventType "tourn"]
[EventRounds "9"]
[EventCountry "RUS"]
[SourceTitle "EXT 2020"]
[Source "ChessBase"]
[SourceDate "2019.10.17"]
[SourceVersion "1"]
[SourceVersionDate "2019.10.17"]
[SourceQuality "1"]

1. e4 d6 2. d4 Nf6 3. Nc3 e5 4. Nf3 Nbd7 5. g4 Nxg4 6. Rg1 Ngf6 7. Bc4 c6 8. dxe5 Nxe5 9. Nxe5 dxe5 10. Bxf7+ Ke7 11. Qxd8+ Kxd8 12. f4 Ng4 13. h3 Nh6 14. Bb3 Ke8 15. fxe5 Nf7 16. Bf4 Nd8 17. 0-0-0 Ne6 18. Be3 g6 19. Rgf1 Be7 20. Rf6 Bxf6 21. exf6 h6 22. e5 Nd8 23. Rxd8+ Kxd8 24. e6 b6 25. Bd4 Re8 26. f7 Bxe6 27. fxe8Q+ Kxe8 28. Bxe6 Ke7 29. Bg4 Rf8 30. Be2 Rd8 31. Bg7 Kf7 32. Bxh6 Rh8 33. Bc4+ Ke8 34. Bg5 Rxh3 35. Ne4 Rh2 36. b4 Rg2 37. Kb2 Kf8 38. Kc3 Ke8 39. Bd3 Kf7 40. Kd4 Ke6 41. Bf4 Kd7 42. Ng5 Rg4 43. Ke5 Rg1 44. Bxg6 Rb1 45. c3 Ra1 46. Bf7 Rd1 47. Ne4 Re1 48. Be6+ Kc7 49. Kf6+ Kd8 50. Nd6 Re2 51. Nf7+ Ke8 52. Ne5 Rf2 53. Bf7+ Kd8 54. Nxc6+ Kd7 55. Ne5+ 1-0

[Event "Cheliabinsk Kibizov Memorial-B"]
[Site "Cheliabinsk"]
[Date "2019.06.26"]
[Round "6"]
[White "Frolov, Artiom"]
[Black "Tologontegin, Semetey"]
[Result "1/2-1/2"]
[WhiteElo "2374"]
[BlackElo "2386"]
[PlyCount "168"]
[EventDate "2019.06.22"]
[EventType "tourn"]
[EventRounds "9"]
[EventCountry "RUS"]
[SourceTitle "EXT 2020"]
[Source "ChessBase"]
[SourceDate "2019.10.17"]
[SourceVersion "1"]
[SourceVersionDate "2019.10.17"]
[SourceQuality "1"]

1. e4 c5 2. Nf3 a6 3. c4 e6 4. Nc3 Qc7 5. Be2 Nf6 6. 0-0 Nc6 7. d4 cxd4 8. Nxd4 Bb4 9. Nxc6 dxc6 10. Qd3 0-0 11. Be3 e5 12. Na4 Be6 13. c5 Qe7 14. a3 Ba5 15. h3 Rad8 16. Qc2 Bc7 17. b4 Nd7 18. Bc4 Kh8 19. Bxe6 Qxe6 20. Nc3 h6 21. Qa2 Qg6 22. Qc4 Nf6 23. Rad1 Qh5 24. f3 Qg6 25. Rxd8 Rxd8 26. Rd1 Nh5 27. Rxd8+ Bxd8 28. Ne2 Bh4 29. a4 Ng3 30. Nxg3 Qxg3 31. Qe2 Qe1+ 32. Qxe1 Bxe1 33. Kf1 Bxb4 34. g4 Kg8 35. Ke2 Kf8 36. Bf2 Ke7 37. Kd3 g6 38. Bh4+ Ke6 39. Bf2 Ba5 40. Be3 h5 41. Bf2 f5 42. Bh4 b5 43. cxb6 Bxb6 44. Kc4 fxg4 45. fxg4 Kd6 46. Bg5 Kc7 47. Bh4 Bd4 48. Bf6 Kb7 49. Bg5 Kb6 50. Bd8+ Ka7 51. Bf6 Kb8 52. Bg5 Kc8 53. Bf6 Kd7 54. Bg5 Bb6 55. Bf6 Kd6 56. Bg5 Ke6 57. Kd3 Bc5 58. Bh4 Kd7 59. Bf6 Bd6 60. Kc4 Kc7 61. Bg5 Kb6 62. Bd8+ Kb7 63. Bf6 Kc8 64. Kd3 Kd7 65. Kc4 Ke6 66. Bh4 Ba3 67. Bg5 hxg4 68. hxg4 Bf8 69. Bh4 Kd7 70. Bf6 Bd6 71. Bg5 Kc8 72. Bh4 Kb7 73. Bf6 Kb6 74. Bd8+ Bc7 75. Bxc7+ Kxc7 76. Kc5 g5 77. a5 Kd7 78. Kb4 Kd6 79. Kc4 c5 80. Kc3 Kc7 81. Kb3 Kb7 82. Kc3 Kc6 83. Kc4 Kd6 84. Kc3 Kc6 1/2-1/2

[Event "Cheliabinsk Kibizov Memorial-B"]
[Site "Cheliabinsk"]
[Date "2019.06.22"]
[Round "2"]
[White "Frolov, Artiom"]
[Black "Kazantsev, Nikita"]
[Result "1-0"]
[WhiteElo "2374"]
[BlackElo "2180"]
[PlyCount "79"]
[EventDate "2019.06.22"]
[EventType "tourn"]
[EventRounds "9"]
[EventCountry "RUS"]
[SourceTitle "EXT 2020"]
[Source "ChessBase"]
[SourceDate "2019.10.17"]
[SourceVersion "1"]
[SourceVersionDate "2019.10.17"]
[SourceQuality "1"]

1. g3 Nf6 2. Bg2 e5 3. c4 d5 4. cxd5 Nxd5 5. Nc3 Be6 6. Nf3 Nc6 7. 0-0 Be7 8. d3 0-0 9. Bd2 f6 10. Rc1 Qd7 11. Qc2 a5 12. a3 Rfd8 13. Na4 Bh3 14. e4 Bxg2 15. Kxg2 Nb6 16. Nxb6 cxb6 17. Qb3+ Kh8 18. Qxb6 Ra6 19. Qb5 Qxd3 20. Qxb7 Rd7 21. Qc8+ Rd8 22. Qg4 f5 23. Qxf5 Rf8 24. Qg4 Nd4 25. Rc3 Qb5 26. Nxd4 exd4 27. Rc8 Raf6 28. Bg5 h5 29. Qxh5+ Rh6 30. Rxf8+ Bxf8 31. Qf7 Qxg5 32. Qxf8+ Kh7 33. Qf5+ Qxf5 34. exf5 Rb6 35. Rd1 Rxb2 36. Rxd4 Rb5 37. g4 Kh6 38. h4 Rb3 39. Ra4 Rb5 40. Kg3 1-0

[Event "Cheliabinsk Panchenko Memorial-B"]
[Site "Cheliabinsk"]
[Date "2018.10.08"]
[Round "3"]
[White "Frolov, Artiom"]
[Black "Mokin, Nikolai"]
[Result "1-0"]
[WhiteElo "2383"]
[BlackElo "2253"]
[PlyCount "75"]
[EventDate "2018.10.06"]
[EventType "tourn"]
[EventRounds "9"]
[EventCountry "RUS"]
[EventCategory "5"]
[SourceTitle "CBM 186 Extra"]
[Source "ChessBase"]
[SourceDate "2018.08.24"]
[SourceVersion "1"]
[SourceVersionDate "2018.08.24"]
[SourceQuality "1"]

1. e4 c5 2. Nf3 d6 3. d4 cxd4 4. Nxd4 Nf6 5. Nc3 a6 6. Bg5 e6 7. f4 Be7 8. Qf3 Qc7 9. 0-0-0 Nbd7 10. g4 b5 11. Bxf6 Nxf6 12. g5 Nd7 13. f5 Bxg5+ 14. Kb1 Ne5 15. Qh5 Qe7 16. Nxe6 Bxe6 17. fxe6 g6 18. exf7+ Kxf7 19. Qh3 Kg7 20. Nd5 Qd8 21. Qc3 Ra7 22. Qa3 Qb8 23. h4 Bh6 24. h5 Rf8 25. hxg6 hxg6 26. Bh3 Rf3 27. Qb4 Raf7 28. Be6 Rf8 29. Qd4 Qb7 30. Rdg1 a5 31. Bf5 Kh7 32. Qd2 Qg7 33. Nc7 Nc4 34. Qxh6+ Qxh6 35. Bxg6+ Kg8 36. Bf5+ Qg7 37. Rxg7+ Kxg7 38. Ne6+ 1-0

[Event "Cheliabinsk Kibizov Memorial-B"]
[Site "Cheliabinsk"]
[Date "2018.06.29"]
[Round "9"]
[White "Frolov, Artiom"]
[Black "Smorchkov, Danil"]
[Result "1-0"]
[WhiteElo "2396"]
[BlackElo "2216"]
[PlyCount "77"]
[EventDate "2018.06.21"]
[EventType "tourn"]
[EventRounds "9"]
[EventCountry "RUS"]
[EventCategory "4"]
[SourceTitle "CBM 185 Extra"]
[Source "ChessBase"]
[SourceDate "2018.07.29"]
[SourceVersion "1"]
[SourceVersionDate "2018.07.29"]
[SourceQuality "1"]

1. e4 c5 2. Nf3 Nc6 3. d4 cxd4 4. Nxd4 g6 5. c4 Nf6 6. Nc3 Nxd4 7. Qxd4 d6 8. Be3 Bg7 9. Be2 0-0 10. Qd2 Be6 11. 0-0 Rc8 12. b3 Qa5 13. Rac1 Rfe8 14. f3 a6 15. Rfd1 Nd7 16. Nd5 Qxd2 17. Rxd2 Nc5 18. Kf2 a5 19. Rb1 Kf8 20. h3 Rc6 21. g4 Rec8 22. g5 Na6 23. h4 Nb4 24. a3 Na6 25. b4 axb4 26. axb4 Rxc4 27. b5 Nb8 28. Bxc4 Rxc4 29. Ra2 Rc8 30. Ra8 Bxd5 31. exd5 Re8 32. Rc1 f5 33. Rc7 Nd7 34. Rxe8+ Kxe8 35. Rxb7 Kd8 36. b6 Kc8 37. Rc7+ Kd8 38. f4 h5 39. Rc6 1-0

[Event "Cheliabinsk Vasenko Cup"]
[Site "Cheliabinsk"]
[Date "2017.06.03"]
[Round "8"]
[White "Mokin, Nikolai"]
[Black "Frolov, Artiom"]
[Result "0-1"]
[WhiteElo "2277"]
[BlackElo "2403"]
[PlyCount "60"]
[EventDate "2017.05.27"]
[EventType "tourn"]
[EventRounds "9"]
[EventCountry "RUS"]
[EventCategory "4"]
[SourceTitle "EXT 2018"]
[Source "ChessBase"]
[SourceDate "2017.10.13"]
[SourceVersion "1"]
[SourceVersionDate "2017.10.13"]
[SourceQuality "1"]

1. d4 Nf6 2. c4 g6 3. Nc3 Bg7 4. e4 d6 5. Nf3 0-0 6. Be2 Bg4 7. 0-0 Nfd7 8. Be3 Nc6 9. Rc1 e5 10. d5 Bxf3 11. Bxf3 Nd4 12. Bxd4 exd4 13. Nb5 d3 14. b3 Ne5 15. g3 c6 16. dxc6 bxc6 17. Nc3 f5 18. exf5 gxf5 19. Na4 f4 20. Be4 Qg5 21. Bxd3 fxg3 22. hxg3 Ng4 23. Be2 Nxf2 24. Rxf2 Qe3 25. Bf3 Bd4 26. Rcc2 Rxf3 27. Rce2 Rxg3+ 28. Kh1 Rh3+ 29. Rh2 Rxh2+ 30. Rxh2 Qe4+ 0-1